00928cam a2200265 450000100060000000300080000600500170001400800410003103500190007204000320009104100080012308200200013124500720015126000490022330000260027235000120029860000290031065000280033970000290036770000620039670000410045894200120049999900170051195201340052823979BD-RjUL20211209001008.0140312s1972 ii 010 0beng d a(BD-RjUL)24044 aDLCcDLCdDLCdBD-RjULbeng aeng00a491.1bSKD 197200aS. K. De memorial volume /cEditors: R. C. Hazra and S. C. Banerji. aCalcutta :bFirma K. L. Mukhopadhyay,c1972. axiv, 378 p. ;c23 cm. aRs60.0010aDe, Sushil Kumar.967422 0aIndic philology.9683551 aDe, Sushil Kumar.9674221 aHazra, R. C.q(Rajendra Chandra),d1905-1982,eed.9738381 aBanerji, Sures Chandra,d1917-95589 2ddccBK c23979d23979 00102ddc40728NFICaRUCLbRUCLcReadingd1976-03-27eK.O.Bg60.00l0o491.1 SKD 1972r2014-03-12 00:00:00tC-1w2014-03-12yBK